LEADER 01959oas 2200841 a 450 001 9910339539403321 005 20260218112435.0 011 $a2689-8810 035 $a(OCoLC)42026450 035 $a(CONSER) 2019203599 035 $a(CKB)954921399129 035 $a(MiAaPQ)31895 035 $a(DE-599)ZDB2068578-6 035 $a(DE-599)2068578-6 035 $a(EXLCZ)99954921399129 100 $a19990806a19839999 sy a 101 0 $aeng 135 $aurcnu|||||||| 181 $ctxt$2rdacontent 182 $cc$2rdamedia 183 $acr$2rdacarrier 200 10$aAmerican business review 210 $aWest Haven, Conn. $cUniversity of New Haven School of Business 215 $a1 online resource 300 $aRefereed/Peer-reviewed 311 08$a0743-2348 606 $aBusiness$vPeriodicals 606 $aAffaires$zE?tats-Unis$vPe?riodiques 606 $aAffaires$vPe?riodiques 606 $aBusiness$2fast$3(OCoLC)fst00842262 608 $aPeriodicals.$2fast 615 0$aBusiness 615 6$aAffaires 615 6$aAffaires 615 7$aBusiness. 676 $a658 712 02$aUniversity of New Haven.$bSchool of Business. 801 0$bAAA 801 1$bAAA 801 2$bOCL 801 2$bOCLCQ 801 2$bBNG 801 2$bUV$ 801 2$bOCLCQ 801 2$bTXJ 801 2$bDEBBG 801 2$bOCLCQ 801 2$bOCLCO 801 2$bOCLCF 801 2$bOCLCQ 801 2$bUAB 801 2$bZ5A 801 2$bWT2 801 2$bZAC 801 2$bAUD 801 2$bOCLCQ 801 2$bAPUMS 801 2$bOCLCQ 801 2$bUOK 801 2$bCEF 801 2$bVT2 801 2$bOCLCQ 801 2$bWYU 801 2$bUWO 801 2$bYOU 801 2$bDLC 801 2$bOCLCO 801 2$bOCLCQ 801 2$bOCLCL 906 $aJOURNAL 912 $a9910339539403321 996 $aAmerican business review$92310143 997 $aUNINA